000 00298nam a2200121Ia 4500
008 230907s9999||||xx |||||||||||||| ||und||
082 _a530
_bYOU
100 _aCutnell, John D.
_9109384
245 0 _aCutnell & Johnson physics /
300 _avolumes :
650 _aTextbooks.
_98511
942 _cBK
999 _c601077
_d601077